La ordenación del espacio rural (Registro nro. 1526)

Detalles MARC
000 -LEADER
fixed length control field 00785 a2200205 4500
001 - CONTROL NUMBER
control field 26943
005 - DATE AND TIME OF LATEST TRANSACTION
control field 20260407155547.0
008 - FIXED-LENGTH DATA ELEMENTS--GENERAL INFORMATION
fixed length control field 260407a1972 arg spa d
003 - CONTROL NUMBER IDENTIFIER
control field AR-UNSa-BCEJYS
040 ## - CATALOGING SOURCE
Original cataloging agency AR-UNSa-BCEJYS
Language of cataloging spa
Transcribing agency AR-UNSa-BCEJYS
080 ## - UNIVERSAL DECIMAL CLASSIFICATION NUMBER
Universal Decimal Classification number 711.3
Common auxiliary subdivision Ordenación rural. Desarrollo rural
100 1# - MAIN ENTRY--PERSONAL NAME
Personal name Jung, Jacques
245 10 - TITLE STATEMENT
Title La ordenación del espacio rural
Name of part/section of a work una ilusión económica
264 #1 - PRODUCTION, PUBLICATION, DISTRIBUTION, MANUFACTURE, AND COPYRIGHT NOTICE
Place of production, publication, distribution, manufacture Madrid :
Name of producer, publisher, distributor, manufacturer Instituto de Estudios de Administración Local
Date of production, publication, distribution, manufacture, or copyright notice 1972
300 ## - PHYSICAL DESCRIPTION
Extent 439 p.
Dimensions 21 cm.
505 ## - FORMATTED CONTENTS NOTE
Formatted contents note 1. Ordenación del territorio - 2. El espacio rural - 3. Actividades no agrícolas en medio rural - 4. Futuro de las actividades tradicionales en medio rural
590 ## - LOCAL NOTE (RLIN)
Local note niveau_biblio:m niveau_hierar:0
700 1# - ADDED ENTRY--PERSONAL NAME
Personal name Grillo Solano, Enrique
942 ## - ADDED ENTRY ELEMENTS (KOHA)
Koha item type
Existencias
Withdrawn status Lost status Damaged status Not for loan Home library Current library Shelving location Date acquired Total checkouts Full call number Barcode Date last seen Price effective from Koha item type
        Biblioteca Prof. Eusebio Cleto del Rey Biblioteca Prof. Eusebio Cleto del Rey   07/04/2026   711.3 J95 L58364 07/04/2026 07/04/2026 Libro